Central Library OPAC University of Rajshahi

Social psychology / (Record no. 33173)

MARC details
000 -LEADER
fixed length control field 00714nam a2200253 a 4500
001 - CONTROL NUMBER
control field 33173
003 - CONTROL NUMBER IDENTIFIER
rucl marc code BD-RjUL
005 - DATE AND TIME OF LATEST TRANSACTION
control field 20211209051948.0
008 - FIXED-LENGTH DATA ELEMENTS--GENERAL INFORMATION
fixed length control field 140430s1967 nyua b 00110 eng d
035 ## - SYSTEM CONTROL NUMBER
System control number (BD-RjUL) 33264
039 0# - LEVEL OF BIBLIOGRAPHIC CONTROL AND CODING DETAIL [OBSOLETE]
Level of rules in bibliographic description 2
Level of effort used to assign nonsubject heading access points 3
Level of effort used to assign subject headings 3
Level of effort used to assign classification 3
Number of fixed field character positions coded 3
040 ## - CATALOGING SOURCE
Original cataloging agency DLC
Transcribing agency DLC
Modifying agency BD-RjUL
Language of cataloging eng
041 ## - LANGUAGE CODE
Language code of text/sound track or separate title eng
082 ## - DEWEY DECIMAL CLASSIFICATION NUMBER
Classification number 302
Author mark and year BRS 1967
100 1# - MAIN ENTRY--PERSONAL NAME
Personal name Bruning, James L.
9 (RLIN) 19140
245 10 - TITLE STATEMENT
Title Social psychology /
Statement of responsibility, etc. Bruning, James L.
260 ## - PUBLICATION, DISTRIBUTION, ETC. (IMPRINT)
Place of publication, distribution, etc. New York :
Name of publisher, distributor, etc. Harcourt Brace Jovanovich,
Date of publication, distribution, etc. c1967.
300 ## - PHYSICAL DESCRIPTION
Pagination xiv, 785 p. :
Illustrations ill. ;
Size 25 cm.
504 ## - BIBLIOGRAPHY, ETC. NOTE
Bibliography, etc Includes index and Bibliography: p. 502-545.
650 #0 - SUBJECT ADDED ENTRY--TOPICAL TERM
Topical term or geographic name as entry element Social psychology.
9 (RLIN) 100758
942 ## - ADDED ENTRY ELEMENTS (KOHA)
Source of classification or shelving scheme Dewey Decimal Classification
Koha item type Books
Holdings
Lost status Source of classification or shelving scheme Damaged status Not for loan Collection code Permanent Location Current Location Shelving location Date acquired Source of acquisition Cost, normal purchase price Total Checkouts Full call number Date last seen Copy number Koha item type
  Dewey Decimal Classification     Non-fiction Central Library, University of Rajshahi Central Library, University of Rajshahi   13/11/1968 Zeitlinger 49.00   302 BRS 1967 30/04/2014 C-2 Books